| 000 | 01231nam a2200313 i 4500 | ||
|---|---|---|---|
| 001 | 181026 | ||
| 003 | ES-MaACL | ||
| 005 | 20231004122556.0 | ||
| 008 | 121002s2010 it |||| | ita d | ||
| 020 | _a9788895996240 | ||
| 080 | _a821.131.1-1"15" | ||
| 100 | 1 |
_aVitale, Maurizio. _9115504 |
|
| 245 | 1 | 2 |
_aL'Omerida italico _b: Gian Giorgio Trissino : appunti sulla lingua dell "Italia liberata da' Gotthi" / _cMaurizio Vitale. |
| 260 |
_aVenezia : _bIstituto Veneto di Scienze, Lettere ed Arti, _c2010. |
||
| 300 |
_aXIII, 254 p. ; _c24 cm. |
||
| 490 | 1 |
_aMemorie. Classe di scienze morali, lettere ed arti ; _v134 |
|
| 500 | _aApéndice. | ||
| 500 | _aÍndices. | ||
| 504 | _aBibliografía: p. [229]-238. | ||
| 600 | 1 | 4 |
_aTrissino, Gian Giorgio ( _d1478-1550) _9151536 |
| 700 | 1 |
_aTrissino, Gian Giorgio ( _d1478-1550) _9151536 |
|
| 710 | 2 |
_aIstituto Veneto di Scienze, Lettere ed Arti. _95304 |
|
| 830 | 0 |
_aMemorie. Classe di scienze morali, lettere ed arti ; _v134 _9184759 |
|
| 852 |
_aES-MaACL _jA-12242 _9187909 _bR.147090 _cDEPO1 _dOlim: N-5247 _xDonación: R.A.E |
||
| 912 |
_96336 _aReal Academia Española |
||
| 942 |
_2udc _cMONOGRAFIA |
||
| 999 |
_c181026 _d181026 |
||